000 00440nam a2200169Ia 4500
003 3228
005 20260612083137.0
008 210818s9999 xx 000 0 und d
020 _a9780434012527
040 _aMPL
_c3228
082 0 _aEF HARV
100 _a HARVEY, John London, 2004
_974243
245 0 _aFlesh and blood
260 _aLondon:
_bHeinemann,
_c2004.
300 _a370 Pages
_bIllustrations
_c22,5 cm
942 _cBK
_2ddc
_y282
_zEmmerencia Nonyane
999 _c428113
_d428112